000 01394cac a22003375a 4500
999 _c16437
_d16437
003 EG-ScBUE
005 20200308133756.0
008 080826t2011 enka f bd 001 0 u d
020 _a9781408255667
040 _aEG-ScBUE
_beng
_erda
_cEG-ScBUE
_dEG-ScBUE
082 0 4 _a658
_bMAN
_222
245 0 0 _aManagement /
_cStephen P. Robbins, San Diego State University [and three others]
250 _aArab world edition.
264 1 _aHarlow, England :
_bPearson Education Limited,
_c2011.
300 _axx, 540 pages :
_bcolor illustrations ;
_c29 cm.
336 _2rdacontent
_atext
_btxt
337 _2rdamedia
_aunmediated
_bn
338 _2rdacarrier
_avolume
_bnc
490 0 _aAlways learning
500 _aIncludes glossary.
504 _aIncludes bibliographical references and index.
520 _aIntended for courses in Principles of Management or Introduction to Management, this text demonstrates the real-world applications of management concepts. As it integrates the various functions of management, this book aims to establish a dialogue with managers from a variety of fields.
590 _aDoha Reviewed by : Wessam
650 7 _amanagement.
_2BUEsh
_929736
651 _2BUEsh
653 _bBUSADM
_cMarch2020
655 _vReading book
_934232
700 1 _aRobbins, Stephen P.,
_d1943-
_eauthor.
_98040
942 _cBB
_k658 MAN
_2ddc